00642cam a2200205 a 45000010005000000030008000050050017000130080041000300200043000710350018001140400027001320410008001590820024001671000023001912450050002142600041002643000034003055040068003396500029004078424BD-RjUL20211208234603.0140118s1995 nyua b 001 0 eng  a0387945466 (New York : acidfree paper) a(BD-RjUL)8469 aDLCcDLCdBD-RjULbeng aeng00a519.5220bSCT 19951 aSchervish, Mark J.10aTheory of statistics /cby Mark J. Schervish. aNew York :bSpringer-Verlag,cc1995. axvi, 702 p. :bill. ;c25 cm. aIncludes bibliographical references (p. [675]-688) and indexes. 0aMathematical statistics.